Cautivos /
Guardado en:
| Autor Principal: | |
|---|---|
| Formato: | Libro |
| Publicado: |
Buenos Aires :
Instituto Movilizador de Fondos Cooperativos,
1997
|
| Series: | Desde la gente
|
| Materias: | |
| Etiquetas: |
Agregar Etiqueta
Sin Etiquetas, Sea el primero en etiquetar este registro!
|
| LEADER | 01119nam a22002415a 4500 | ||
|---|---|---|---|
| 001 | CEM.cems010825 | ||
| 005 | 20080317101754.0 | ||
| 008 | 130507s1997##################000#0#####d | ||
| 003 | CEMS | ||
| 020 | |a 9508600616 | ||
| 082 | 0 | 4 | |a 980.03 |
| 100 | 1 | |a Opere, Fernando | |
| 245 | 1 | 0 | |a Cautivos / |c Prólogo de Fernando Opere |
| 260 | |a Buenos Aires : |b Instituto Movilizador de Fondos Cooperativos, |c 1997 | ||
| 300 | |a 127 p. | ||
| 490 | 0 | |a Desde la gente | |
| 505 | 0 | |a El cautiverio de Alvar Núñez Cabeza de Vaca. Etnógrafo, chamán y viajero -- De Francisco Núñez de Pineda y Bascuñan. El cautiverio feliz entre los araucanos -- De la frontera bonaerense en el siglo XVIII. Declaraciones de los cautivos -- Cautiverio y fuga de Auguste Guinnard en la Patagonia -- Andrés Martínez, cautivo de los apaches y kiowas en Nuevo México -- Napeyoma, veinticuatro años con los indios yanomami del Orinoco | |
| 653 | |a Cautiverio | ||
| 653 | |a Historia | ||
| 653 | |a Historia de américa | ||
| 653 | |a América-colonización | ||
| 653 | |a América-conquista | ||
| 859 | |a CEMS |b BIB. CEMS - 11 de abril |h 980.03 |i Op2 |p 21474.01 |t Ej.1 | ||
